000
00277nam a2200121Ia 4500
008
241002s9999 xx 000 0 und d
082
_a
335 ENG
100
_a
Engles, Mark
245
4
_a
The Essential Left
260
_a
London:
_c
1963
600
_a
Social Sciences
942
_c
UC
999
_c
18529
_d
18529